000 00323 a2200157 4500
001 185194
020 _a
040 _cMagnum
100 _aBertoldi, Andressa de Souza
240 1 0 _aRumo ao pódio
_lpor
245 1 0 _aRumo ao pódio
300 _a33
362 0 _a2004
697 _aLITERATURA INFANTIL
942 _cBK
999 _c185194
_d185194